Revolution of love and balance. (Record no. 12806)

000 -LEADER
fixed length control field 00657nam a2200205 a 4500
001 - CONTROL NUMBER
control field :::00010621$&:&@@
003 - CONTROL NUMBER IDENTIFIER
control field OkBaRHE
005 - DATE AND TIME OF LATEST TRANSACTION
control field 20000607103400.0
008 - FIXED-LENGTH DATA ELEMENTS--GENERAL INFORMATION
fixed length control field s1977 j 000 0 eng u
040 ## - CATALOGING SOURCE
Transcribing agency
100 1# - MAIN ENTRY--PERSONAL NAME
Personal name Verwer, George.
245 10 - TITLE STATEMENT
Title Revolution of love and balance.
260 ## - PUBLICATION, DISTRIBUTION, ETC. (IMPRINT)
Place of publication, distribution, etc Bromley, Kent, UK:EN., :
Name of publisher, distributor, etc STL Books
Date of publication, distribution, etc c1977
300 ## - PHYSICAL DESCRIPTION
Extent 92 p. ;
Dimensions 17 cm.
650 ## - SUBJECT ADDED ENTRY--TOPICAL TERM
Topical term or geographic name as entry element Agape
650 ## - SUBJECT ADDED ENTRY--TOPICAL TERM
Topical term or geographic name as entry element Christian Life
942 ## - ADDED ENTRY ELEMENTS (KOHA)
Source of classification or shelving scheme
Koha item type Books
Copies
Withdrawn status Not for loan Date acquired Permanent Location Copy number Date last seen Lost status Full call number Koha item type Price effective from Barcode Source of classification or shelving scheme Damaged status Shelving location
  2010-04-14RHEMA Bible Training College12010-04-14 BV 4501 .V5Books2010-04-1410621  General Stacks
  2010-04-14RHEMA Bible Training College22010-04-14 BV 4501 .V5Books2010-04-1415278  General Stacks